Antara baik dan buruk

Bibliographic Details
Main Author: Sam Amiro
Format: Book
Published: Kuala Lumpur : Pustaka Perintis , 2006
Series:Siri antologi cerpen cereka masyarakat
Subjects:

MARC

LEADER 00000cam a2200000 7i4500
001 0000000628
005 20151222.0
008 070702
020 |a 9838323640 
090 0 0 |a JF   |b MAL 
100 0 |a Sam Amiro 
245 1 0 |a Antara baik dan buruk   |c Sam Amiro 
260 |a Kuala Lumpur :   |b Pustaka Perintis ,   |c 2006 
440 |a Siri antologi cerpen cereka masyarakat 
500 |a Children ages 10-12 years old (pink) 
650 0 |a Malay fiction 
999 |a 0000919427   |b Book   |c Children Collection   |e Cawangan Bukit Gambir 
999 |a 0000919428   |b Book   |c Children Collection   |e Cawangan Bukit Gambir 
999 |a 0000919429   |b Book   |c Children Collection   |e Cawangan Bukit Gambir 
999 |a 0000927492   |b Book   |c Children Collection   |e Cawangan Tangkak 
999 |a 0000927493   |b Book   |c Children Collection   |e Cawangan Tangkak 
999 |a 0000927494   |b Book   |c Children Collection   |e Cawangan Tangkak 
999 |a 0000960750   |b Book   |c Children Collection   |e Cawangan Bukit Gambir 
999 |a 0000960751   |b Book   |c Children Collection   |e Cawangan Bandar Penawar 
999 |a 0000960752   |b Book   |c Children Collection   |e Cawangan Muar 
999 |a 0000975391   |b Book   |c Children Collection   |e Cawangan Segamat 
999 |a 000975393   |b Book   |c Children Collection   |e Cawangan Pontian